[Event "GER-ch Net Amateur Gr-A Vor1"]
[Site "Playchess.com INT"]
[Date "2020.04.14"]
[Round "4"]
[White "Liedtke, Matthias"]
[Black "Schaum, Moritz"]
[Result "1-0"]
[WhiteElo "1921"]
[BlackElo "2029"]
[PlyCount "69"]
[EventDate "2020.04.14"]
[EventType "swiss (blitz)"]
[EventRounds "9"]
[EventCountry "GER"]
[SourceTitle "EXT 2021"]
[Source "ChessBase"]
[SourceDate "2020.10.23"]
[SourceVersion "1"]
[SourceVersionDate "2020.10.23"]
[SourceQuality "1"]

1. e4 c5 2. c3 g6 3. d4 cxd4 4. cxd4 Bg7 5. Nc3 d6 6. h3 Nf6 7. Nf3 0-0 8. Be2 Qb6 9. 0-0 Bd7 10. a3 a5 11. Rb1 Nc6 12. Be3 Qc7 13. b4 axb4 14. Nb5 Qa5 15. d5 Ne5 16. axb4 Qd8 17. Nxe5 dxe5 18. f3 Ne8 19. Qd2 Nd6 20. Nxd6 exd6 21. b5 Qa5 22. Qxa5 Rxa5 23. b6 Ra3 24. Kf2 Rc8 25. Rfc1 Rxc1 26. Rxc1 Rxe3 27. Rc7 Rxe2+ 28. Kxe2 Bb5+ 29. Kf2 Ba6 30. Rc8+ Bf8 31. Ra8 Bb5 32. Ra7 Kg7 33. Rxb7 Kf6 34. Rc7 Be7 35. b7 1-0

[Event "GER-ch Net Amateur Gr-A Vor1"]
[Site "Playchess.com INT"]
[Date "2020.04.14"]
[Round "3"]
[White "Quante, Lennart"]
[Black "Schaum, Moritz"]
[Result "1/2-1/2"]
[WhiteElo "1903"]
[BlackElo "2029"]
[PlyCount "96"]
[EventDate "2020.04.14"]
[EventType "swiss (blitz)"]
[EventRounds "9"]
[EventCountry "GER"]
[SourceTitle "EXT 2021"]
[Source "ChessBase"]
[SourceDate "2020.10.23"]
[SourceVersion "1"]
[SourceVersionDate "2020.10.23"]
[SourceQuality "1"]

1. e4 c5 2. Nf3 Nc6 3. c3 d5 4. exd5 Qxd5 5. d4 Bg4 6. dxc5 Qxc5 7. Be3 Qh5 8. Be2 e6 9. h3 Bxf3 10. Bxf3 Qa5 11. Qb3 Qc7 12. 0-0 Bd6 13. Nd2 Nge7 14. Ne4 0-0 15. Rad1 Be5 16. Bc5 Rfd8 17. Rxd8+ Rxd8 18. Rd1 Rxd1+ 19. Qxd1 b6 20. Be3 Nd5 21. Bc1 Bf4 22. Bxf4 Nxf4 23. Qa4 h6 24. Qc4 Nd5 25. b4 Ne5 26. Qxc7 Nxf3+ 27. gxf3 Nxc7 28. c4 Kf8 29. Kf1 Ke7 30. Ke2 f5 31. Nc3 Kd6 32. Kd3 a6 33. a4 e5 34. f4 e4+ 35. Ke3 g5 36. fxg5 hxg5 37. f3 exf3 38. Kxf3 Ke5 39. b5 axb5 40. cxb5 Kd4 41. Ne2+ Kc4 42. Ng3 g4+ 43. hxg4 fxg4+ 44. Kxg4 Kb4 45. Ne4 Kxa4 46. Nd6 Nxb5 47. Nc8 Ka5 48. Nxb6 Kxb6 1/2-1/2

[Event "Niederrhein-ch"]
[Site "Solingen"]
[Date "2018.03.28"]
[Round "6.4"]
[White "Vasiljev, Jurij"]
[Black "Schaum, Moritz"]
[Result "1-0"]
[WhiteElo "2036"]
[BlackElo "2085"]
[PlyCount "63"]
[EventDate "2018.03.23"]
[EventType "swiss"]
[EventRounds "7"]
[EventCountry "GER"]
[SourceTitle "EXT 2022"]
[Source "ChessBase"]
[SourceDate "2021.10.06"]
[SourceVersion "1"]
[SourceVersionDate "2021.10.06"]
[SourceQuality "1"]

1. d4 Nf6 2. c4 e6 3. Nc3 d5 4. Nf3 c5 5. e3 cxd4 6. Nxd4 Be7 7. cxd5 Nxd5 8. Bb5+ Kf8 9. 0-0 Nxc3 10. bxc3 a6 11. Bd3 Qc7 12. Bb2 Nd7 13. f4 Nc5 14. Bc2 b6 15. c4 Bb7 16. Qg4 Bf6 17. Ba3 h5 18. Qe2 Kg8 19. Rac1 g6 20. Bb2 Kg7 21. e4 e5 22. Nf3 exf4 23. e5 Be7 24. e6+ Bf6 25. Bxf6+ Kxf6 26. exf7 Bxf3 27. Qxf3 Ne6 28. Qe4 Qxf7 29. Rce1 Rae8 30. Qe5+ Ke7 31. Rxf4 Qg8 32. Qc7# 1-0

[Event "Niederrhein-ch"]
[Site "Solingen"]
[Date "2016.03.25"]
[Round "7"]
[White "Schaum, Moritz"]
[Black "Komans, Dieter"]
[Result "1/2-1/2"]
[WhiteElo "2071"]
[BlackElo "2010"]
[PlyCount "181"]
[EventDate "2016.03.19"]
[EventType "swiss"]
[EventRounds "7"]
[EventCountry "GER"]
[SourceTitle "EXT 2018"]
[Source "ChessBase"]
[SourceDate "2017.10.13"]
[SourceVersion "1"]
[SourceVersionDate "2017.10.13"]
[SourceQuality "1"]

1. Nf3 d5 2. d4 Nf6 3. c4 e6 4. g3 Be7 5. Bg2 0-0 6. 0-0 dxc4 7. Qc2 Nc6 8. Qxc4 Rb8 9. Nc3 b5 10. Nxb5 Na5 11. Qa4 c6 12. Nc3 Ba6 13. Qc2 Nd5 14. b3 Nxc3 15. Qxc3 Bxe2 16. Re1 Bb4 17. Qe3 Bxf3 18. Bxf3 Bxe1 19. Qxe1 Qxd4 20. Bf4 Rb5 21. Rd1 Qf6 22. Be2 Rf5 23. Bg4 Rxf4 24. gxf4 Qg6 25. h3 h5 26. Qxa5 hxg4 27. h4 g3 28. f3 Qc2 29. Rd2 Qc1+ 30. Kg2 Qe1 31. Qc3 Kh7 32. Qd3+ Kh6 33. Re2 Qa5 34. Qd2 Qc7 35. f5+ Kh7 36. fxe6 fxe6 37. Rxe6 Qf7 38. Qd3+ Kh8 39. Rxc6 Qe7 40. Qe4 Qd7 41. Re6 Qd2+ 42. Qe2 Qd5 43. Re8 Qf7 44. Rxf8+ Qxf8 45. Kxg3 Qd6+ 46. f4 Qg6+ 47. Kh2 Qf6 48. Qf2 a6 49. Kg3 Qc3+ 50. Qf3 Qe1+ 51. Kg4 a5 52. a3 Kh7 53. Qd3+ Kh6 54. f5 Qg1+ 55. Qg3 Qd1+ 56. Kf4 Qd6+ 57. Kf3 Qd5+ 58. Ke2 Kh7 59. Qg6+ Kh8 60. Qh5+ Kg8 61. Qe8+ Kh7 62. Qe3 Kh8 63. f6 gxf6 64. Qh6+ Kg8 65. Qg6+ Kh8 66. Qxf6+ Kh7 67. Qc3 Qg2+ 68. Kd1 Qg4+ 69. Kc1 a4 70. b4 Qf4+ 71. Kb2 Qf7 72. Qc2+ Kh6 73. Qc6+ Kh5 74. Qxa4 Qf6+ 75. Kc1 Qf4+ 76. Kd1 Qf1+ 77. Kd2 Qf2+ 78. Kd3 Qf3+ 79. Kd4 Qf4+ 80. Kd5 Qf7+ 81. Kd6 Qf4+ 82. Kd7 Qf5+ 83. Kd8 Qf6+ 84. Kc8 Qf8+ 85. Kc7 Qf4+ 86. Kc6 Qe4+ 87. Kc5 Qe5+ 88. Kc4 Qe4+ 89. Kc3 Qf3+ 90. Kb2 Qf6+ 91. Kc1 1/2-1/2

[Event "Niederrhein-ch"]
[Site "Solingen"]
[Date "2015.04.03"]
[Round "7"]
[White "Schaum, Moritz"]
[Black "Waagener, Ulrich"]
[Result "1-0"]
[WhiteElo "2050"]
[BlackElo "2192"]
[PlyCount "79"]
[EventDate "2015.03.28"]
[EventType "swiss"]
[EventRounds "7"]
[EventCountry "GER"]
[SourceTitle "EXT 2016"]
[Source "ChessBase"]
[SourceDate "2015.10.08"]
[SourceVersion "1"]
[SourceVersionDate "2015.10.08"]
[SourceQuality "1"]

1. d4 Nf6 2. c4 e6 3. g3 d5 4. Nf3 dxc4 5. Bg2 Bd7 6. Ne5 Bc6 7. Nxc6 Nxc6 8. 0-0 Qd7 9. Qa4 Be7 10. Rd1 Nd5 11. Qxc4 Rd8 12. Nc3 0-0 13. Nxd5 exd5 14. Qb5 b6 15. Be3 Nb4 16. Qxd7 Rxd7 17. Rd2 a5 18. a3 Na6 19. Rc1 g5 20. f4 g4 21. f5 Bf6 22. Rc6 Kg7 23. Bf4 Rc8 24. e3 Nb8 25. Rcc2 Be7 26. h3 gxh3 27. f6+ Bxf6 28. Bxh3 Re8 29. Bxd7 Nxd7 30. Rxc7 Nf8 31. Rc6 Ng6 32. Kf2 Nxf4 33. gxf4 Bd8 34. Rd6 h5 35. Rxd5 h4 36. Kf3 Rh8 37. Rd6 h3 38. Rh2 f5 39. Rc6 Kf7 40. Rc1 1-0

[Event "Niederrhein-ch"]
[Site "Solingen"]
[Date "2015.04.02"]
[Round "6"]
[White "Schuelke, Tilman"]
[Black "Schaum, Moritz"]
[Result "0-1"]
[WhiteElo "1971"]
[BlackElo "2050"]
[PlyCount "80"]
[EventDate "2015.03.28"]
[EventType "swiss"]
[EventRounds "7"]
[EventCountry "GER"]
[SourceTitle "EXT 2016"]
[Source "ChessBase"]
[SourceDate "2015.10.08"]
[SourceVersion "1"]
[SourceVersionDate "2015.10.08"]
[SourceQuality "1"]

1. d4 Nf6 2. c3 d5 3. Bg5 c6 4. Nd2 Bf5 5. e3 Nbd7 6. Ngf3 h6 7. Bf4 e6 8. h3 Be7 9. Be2 0-0 10. Ne5 Nxe5 11. Bxe5 Nd7 12. Bh2 Re8 13. 0-0 Bf6 14. f4 c5 15. Nf3 cxd4 16. exd4 Be7 17. Bd3 Bd6 18. Qc2 Bxd3 19. Qxd3 Nf6 20. Nd2 Qc7 21. Rf3 b5 22. Raf1 a5 23. R1f2 Rec8 24. b3 Rab8 25. g4 Qc6 26. Re2 a4 27. b4 Rb7 28. Ree3 Rbc7 29. Qe2 Qd7 30. Rd3 g6 31. a3 h5 32. g5 Ne8 33. f5 Bxh2+ 34. Qxh2 exf5 35. Rfe3 Nd6 36. Nf3 Ne4 37. Ne5 Qd8 38. h4 Nxc3 39. Rxc3 Rxc3 40. Nd3 Rxd3 0-1

[Event "Niederrhein-ch"]
[Site "Solingen"]
[Date "2015.03.31"]
[Round "4"]
[White "Goerke, Joachim"]
[Black "Schaum, Moritz"]
[Result "1/2-1/2"]
[WhiteElo "2097"]
[BlackElo "2050"]
[PlyCount "145"]
[EventDate "2015.03.28"]
[EventType "swiss"]
[EventRounds "7"]
[EventCountry "GER"]
[SourceTitle "EXT 2016"]
[Source "ChessBase"]
[SourceDate "2015.10.08"]
[SourceVersion "1"]
[SourceVersionDate "2015.10.08"]
[SourceQuality "1"]

1. e4 c5 2. Nf3 Nc6 3. d4 cxd4 4. Nxd4 Nf6 5. Nc3 e5 6. Ndb5 d6 7. Bg5 a6 8. Na3 b5 9. Nd5 Be7 10. Nxe7 Nxe7 11. Qf3 Bg4 12. Qg3 h5 13. Bd3 Ng6 14. h4 Qa5+ 15. Bd2 Qb6 16. 0-0 0-0 17. Be3 Qc6 18. f3 Be6 19. c4 bxc4 20. Nxc4 Bxc4 21. Rac1 Qb7 22. Bxc4 Qxb2 23. Qxg6 d5 24. Qf5 dxc4 25. Bg5 Rac8 26. Bxf6 Qb6+ 27. Rf2 gxf6 28. Qxh5 Qe3 29. Qg4+ Kh7 30. Qh5+ Kg7 31. Qg4+ Kh6 32. Rcc2 Rcd8 33. Kh2 Rg8 34. Qf5 Rd6 35. Rfe2 Qc5 36. g4 Kg7 37. Rg2 Qc8 38. g5 Qxf5 39. exf5 Rc8 40. Kg3 Rd3 41. Rge2 c3 42. Kf2 Rc4 43. Re3 Rd2+ 44. Rxd2 cxd2 45. Ke2 Rxh4 46. gxf6+ Kxf6 47. Ra3 Rh2+ 48. Kd1 Kxf5 49. Rxa6 Kf4 50. Ra3 f5 51. Rd3 Rh1+ 52. Kxd2 Rh2+ 53. Ke1 Rxa2 54. Kf1 Rh2 55. Ra3 Kg3 56. Re3 f4 57. Rxe5 Kxf3 58. Kg1 Re2 59. Ra5 Re1+ 60. Kh2 Kf2 61. Ra2+ Re2 62. Ra1 f3 63. Rb1 Rd2 64. Ra1 Ke2 65. Kg1 Ke3 66. Kf1 Rd3 67. Re1+ Kf4 68. Re8 Rd1+ 69. Kf2 Rd2+ 70. Kf1 Rd5 71. Kf2 Re5 72. Rxe5 Kxe5 73. Kxf3 1/2-1/2

[Event "Solingen Karneval op"]
[Site "Solingen"]
[Date "2015.02.15"]
[Round "5"]
[White "Grosse Hering, Peter"]
[Black "Schaum, Moritz"]
[Result "1/2-1/2"]
[WhiteElo "1944"]
[BlackElo "2036"]
[PlyCount "36"]
[EventDate "2015.02.13"]
[EventType "swiss"]
[EventRounds "5"]
[EventCountry "GER"]
[SourceTitle "EXT 2016"]
[Source "ChessBase"]
[SourceDate "2015.10.08"]
[SourceVersion "1"]
[SourceVersionDate "2015.10.08"]
[SourceQuality "1"]

1. Nf3 Nf6 2. g3 g6 3. Bg2 d5 4. d3 Bg7 5. 0-0 0-0 6. Nbd2 c5 7. e4 Nc6 8. c3 b6 9. Re1 Qc7 10. Nf1 Rd8 11. e5 Ng4 12. d4 cxd4 13. cxd4 Nb4 14. Bf4 Qc2 15. a3 Qxf2+ 16. Kh1 Qxb2 17. Re2 Nf2+ 18. Rxf2 Qxf2 1/2-1/2

[Event "Solingen Karneval op"]
[Site "Solingen"]
[Date "2015.02.13"]
[Round "1"]
[White "Pan, Yun"]
[Black "Schaum, Moritz"]
[Result "0-1"]
[WhiteElo "1646"]
[BlackElo "2036"]
[PlyCount "112"]
[EventDate "2015.02.13"]
[EventType "swiss"]
[EventRounds "5"]
[EventCountry "GER"]
[SourceTitle "EXT 2016"]
[Source "ChessBase"]
[SourceDate "2015.10.08"]
[SourceVersion "1"]
[SourceVersionDate "2015.10.08"]
[SourceQuality "1"]

1. e4 c5 2. Nf3 Nc6 3. d4 cxd4 4. Nxd4 Nf6 5. Nc3 e5 6. Ndb5 d6 7. Bg5 a6 8. Na3 b5 9. Nd5 Be7 10. Bxf6 Bxf6 11. c3 0-0 12. Nc2 Bg5 13. a4 bxa4 14. Rxa4 a5 15. Bc4 Rb8 16. Qa1 Kh8 17. 0-0 f5 18. exf5 Bxf5 19. Nce3 Be6 20. Re1 Qc8 21. Re2 Bd8 22. Qd1 Qb7 23. Qc2 Qf7 24. Ra1 Bb6 25. Nxb6 Rxb6 26. Bxe6 Qxe6 27. Rd1 Nd8 28. Nd5 Rc6 29. Qa4 Rc5 30. Nb6 Rf7 31. Red2 Nb7 32. b4 Rxc3 33. bxa5 Rb3 34. Nc4 Nc5 35. Rxd6 Qf5 36. Rd8+ Rf8 37. Rxf8+ Qxf8 38. Qa1 e4 39. Nd6 Rd3 40. Rxd3 exd3 41. a6 Nb3 42. Qc3 d2 43. Qxb3 Qxd6 44. Qd1 Qxa6 45. g3 Qd3 46. Kg2 h6 47. h4 Qe4+ 48. f3 Qe1 49. Qc2 d1Q 50. Qc8+ Kh7 51. Qf5+ Kg8 52. Qc8+ Kf7 53. Qc4+ Qe6 54. Qc7+ Kg8 55. Qb8+ Kh7 56. h5 Qd2+ 0-1